Analiz vnešnej torgovli meždu Slovakijej i Rossijej na osnove indeksa intensivnosti

Analýza vývoja zahraničného obchodu medzi Slovenskom a Ruskou federáciou na základe indexu intenzity obchodu v období rokov 2010-2015.

Na minha lista:
Detalhes bibliográficos
Autor principal: Kašťáková, Elena, 1974-
Formato: Capítulo de Livro
Idioma:russo
Assuntos:
Tags: Adicionar Tag
Sem tags, seja o primeiro a adicionar uma tag!

MARC

LEADER 00000naa$a2200000$$$4500
001 0240311
005 20240502083644.5
041 0 |a rus 
044 |a RU 
245 1 0 |a Analiz vnešnej torgovli meždu Slovakijej i Rossijej na osnove indeksa intensivnosti  |c E. Kašťáková 
520 |a Analýza vývoja zahraničného obchodu medzi Slovenskom a Ruskou federáciou na základe indexu intenzity obchodu v období rokov 2010-2015. 
610 2 0 |a obchod zahraničný 
610 2 0 |a dovoz 
610 2 0 |a vývoz 
610 2 0 |a indexy 
610 2 0 |a Slovensko 
610 2 0 |a Rusko 
100 1 |a Kašťáková, Elena, 1974-